02180nam a22002297a 450000500170000000800410001702000180005804000070007604100080008308200210009110000180011224500560013026000500018630000240023652015910026065000210185165000220187265000160189465000120191065000080192270000200193020221205112245.0221202b ||||| |||| 00| 0 eng d a9789326199438 cAL aeng 223a355.02bAHLI aR D Ahluwalia aIndian army agniveer technical common entrance exam aNew DelhibArihant Publications Pvt Ltdc2022 a306p.bPBc24x18cm. aIndia’s youth is set to play a crucial role in realizing the dream of building an AatmaNirbhar, Sashakt Bharat, and Agnipath scheme that will take them a step closer. Indian Terrestrial Army has recently released 25000 vacancies to recruit eligible candidates for the various posts of the Agnipath Scheme, for a period of 4 years. Arihant Publications’ “Agniveer” series has been formulated in such a manner to guide the students through the ups and downs of the examination and achieve greater heights in the field. Here’s presenting the first and foremost edition of the “Indian Army Agniveer Tradesman Common Entrance Exam” that has been prepared to ensure the success of the candidates in the written examination. This book incorporates all the essential elements required for the preparation for the exam. Designed as per the latest Agnipath scheme, it provides complete coverage of the prescribed syllabus in a Chapterwise manner. Each chapter given in this book has been carefully curated to enhance the conceptual clarity of the candidates. Besides theories, it is also supported by an ample number of questions in the practice sets to give the exact idea of the pattern and type of questions to be asked in the exam. The book inculcates: 1. Designed as per the latest prescribed pattern 2. Divides the entire syllabus into 4 sections 3. Written in an easy-to-understand language 4. Provides better conceptual clarity 5. 3 Practice sets for thorough revision TABLE OF CONTENTS General Knowledge, General Science, Logical Reasoning, Mathematics, Practice Sets [1-3] aCompetitive Exam aGeneral Knowledge aMathematics aPhysics aCEE aAHLUWALIA (R D)